STN EN IEC 60071-1: 2020 (33 0400), Koordinácia izolácie Časť 1 Definície, zásady a pravidlá
Táto norma je slovenskou verziou európskej normy EN IEC 60071-1: 2019
Uložené v:
| Ďalší autori: | |
|---|---|
| Médium: | Norma |
| Jazyk: | Slovak English |
| Vydané: |
Bratislava :
Úrad pre normalizáciu, metrológiu a skúšobníctvo SR,
2020.
|
| Témy: | |
| Fyzický popis: |
32 strán. |
| Tagy: |
Pridať tag
Žiadne tagy, Buďte prvý kto otaguje tento záznam!
|
Titul je dostupný aj v ... 

MARC
| LEADER | 00000nam^a2200000^a^4500 | ||
|---|---|---|---|
| 001 | 000648721 | ||
| 003 | SVKKK | ||
| 005 | 20201109110957.0 | ||
| 008 | 201109s2020 xo f u #0|| 0#slo^c | ||
| 020 | |c (Úhrada je určená počtom strán) | ||
| 040 | |a SVKKK |b slo |c SVKKK |e AACR2 | ||
| 041 | 1 | |a slo |h eng | |
| 044 | |a xo |c SK | ||
| 046 | |a s |m 202011 (účinnosť) | ||
| 084 | |a 29.080.30 |2 ICS | ||
| 130 | 0 | |a STN 33 0400 (STN EN IEC 60071-1) | |
| 245 | 1 | 0 | |a STN EN IEC 60071-1: 2020 (33 0400), Koordinácia izolácie |n Časť 1 |p Definície, zásady a pravidlá |
| 246 | 1 | 0 | |a Koordinácia izolácie |
| 246 | 1 | 0 | |a Definície, zásady a pravidlá |
| 246 | 3 | 0 | |a EN IEC 60071-1: 2019 |
| 246 | 3 | 0 | |a IEC 60071-1: 2019 |
| 260 | |a Bratislava : |b Úrad pre normalizáciu, metrológiu a skúšobníctvo SR, |c 2020. | ||
| 300 | |a 32 strán. | ||
| 500 | |a Táto norma nahrádza anglickú verziu STN EN IEC 60071-1 z februára 2020, ktorá od 1. 2. 2020 nahradila STN EN 60071-1 z apríla 2007 v celom rozsahu. STN EN 60071-1 z apríla 2007 sa môže súbežne s touto normou používať do 12. 9. 2022 | ||
| 500 | |a Spracovateľ: Marcel Čatloš. Technická komisia: TK 43 Elektroenergetika | ||
| 520 | 8 | |a Táto norma je slovenskou verziou európskej normy EN IEC 60071-1: 2019 | |
| 540 | |a Normy sa podľa zákona č. 60/2018 Z. z. nesmú kopírovať | ||
| 655 | 7 | |a normy |2 SNKPH | |
| 700 | 1 | |a Čatloš, Marcel |4 trl | |
| 710 | 2 | |a Úrad pre normalizáciu, metrológiu a skúšobníctvo SR (Bratislava, Slovensko) |b Technická komisia č. 43 Elektroenergetika |4 stn | |
| 910 | |a svkkk | ||
| 998 | |a NO | ||
| 090 | |g SCKHL |k Normy Pribinova 1 |a STN EN IEC 60071-1 |j 11644 |i 2720752973 |s Normy-prez. | ||